Language acquisition made practical (Record no. 17219)

000 -LEADER
fixed length control field 00543nam a2200181 a 4500
001 - CONTROL NUMBER
control field :::00020997$&:&@@
003 - CONTROL NUMBER IDENTIFIER
control field OkBaRHE
005 - DATE AND TIME OF LATEST TRANSACTION
control field 20060516211855.0
008 - FIXED-LENGTH DATA ELEMENTS--GENERAL INFORMATION
fixed length control field s1982 j 000 0 eng u
040 ## - CATALOGING SOURCE
Transcribing agency
100 1# - MAIN ENTRY--PERSONAL NAME
Personal name Brewster Thomas E. Brewster Elizabeth S.
245 10 - TITLE STATEMENT
Title Language acquisition made practical
250 ## - EDITION STATEMENT
Edition statement 4th Printing
260 ## - PUBLICATION, DISTRIBUTION, ETC. (IMPRINT)
Place of publication, distribution, etc Pasadena CA
Name of publisher, distributor, etc Lingua House
Date of publication, distribution, etc 1982
300 ## - PHYSICAL DESCRIPTION
Extent 384 p
942 ## - ADDED ENTRY ELEMENTS (KOHA)
Source of classification or shelving scheme
Koha item type Books
Copies
Damaged status Lost status Koha item type Copy number Source of classification or shelving scheme Barcode Price effective from Date acquired Permanent Location Not for loan Full call number Shelving location Date last seen Withdrawn status
  Books1 209972010-04-142010-04-14RHEMA Bible Training College PE 1408 .B67General Stacks2010-04-14